000 00791nam a2200253Ia 4500
005 20210727153121.0
008 141017s9999 sp a gr 000 0 spa
020 _a8482361325
041 0 _aspa
082 0 4 _a794.1
_bM14a
100 1 _aMcLeod, William T.
245 1 0 _aAjedrez para niños
_cWilliam T. McLeod y Ronald Mongredien
250 _aPrimera edición
300 _a64 páginas
_bilustraciones
_c29 cm
650 1 4 _aAjedrez
_xEstudio y enseñanza
_2LEMB
650 1 4 _aAjedrez
_xEstrategia y técnicas
_2LEMB
650 1 4 _aJuego de tablero
_2LEMB
942 _2ddc
_cBK
264 _aBarcelona
_bIdea Books
_c1999
336 _atexto
_btxt
_2rdacontent
337 _asin mediación
_bn
_2rdamedia
338 _avolumen
_bnc
_2rdacarrier
040 _aCO-BoRNBP
_bspa
_erda
_cCO-BoRNBP
999 _c2625
_d2625